Maritime English for the shipping industry
Αποθηκεύτηκε σε:
| Κύριοι συγγραφείς: | , |
|---|---|
| Μορφή: | Βιβλίο |
| Γλώσσα: | English |
| Δημοσίευση: |
Αθήνα :
Φαίδιμος ;
c2018.
|
| Θέματα: | |
| Ετικέτες: |
Προσθήκη ετικέτας
Δεν υπάρχουν, Καταχωρήστε ετικέτα πρώτοι!
|
MARC
| LEADER | 00000cam a2200000 a 4500 | ||
|---|---|---|---|
| 001 | 1/119902 | ||
| 008 | 190910t2018####gr | ||| |||| ||eng|| | ||
| 020 | |a 9786185062262 |q (χαρτόδετο) | ||
| 040 | |a GR-MyUa |b gre |c GR-MyUa |e AACR2 | ||
| 041 | 0 | |a eng | |
| 082 | 7 | |a 428.240246238 |2 (23) | |
| 100 | 1 | |a Βερβέρη, Μαρία Β. |e aut | |
| 245 | 1 | 0 | |a Maritime English for the shipping industry / |c Maria V. Ververi, Sofia Ch. Koutsogianni. |
| 260 | |a Αθήνα : |b Φαίδιμος ; |c c2018. | ||
| 300 | |a 411 σ. : |b εικ., διάγρ., πίν. ; |c 24 εκ. | ||
| 504 | |a Περιλαμβάνει βιβλιογραφία και ευρετήριο. | ||
| 650 | 0 | |a English language |x Study and teaching. | |
| 650 | 0 | |a English language |x Textbooks. | |
| 700 | 1 | |a Κουτσογιάννη, Σοφία, |e aut | |
| 852 | |a INST |b CHIOS |e 20190910 |h 428.240246238 VER |p 005200038529 |q 005200038529 |t BK |y 0 | ||
| 920 | |a Κουτσογιάννη |b Σοφία |y Χίος |z 2019-07 | ||
| 970 | |a Παροικάκη |b Βασιλική |z 10-09-2019 | ||